Image processing, analysis, and machine vision

Provides coverage of the range of topics encountered in the field of image processing and machine vision. This book helps undergraduates, graduates, researchers, and professionals who are looking for a readable reference

Đã lưu trong:
书目详细资料
主要作者: Sonka, Milan
格式: 图书
语言:Undetermined
出版: United States of America Cengage Learning 2014
主题:
标签: 添加标签
没有标签, 成为第一个标记此记录!
Thư viện lưu trữ: Trung tâm Học liệu Trường Đại học Cần Thơ
LEADER 00933nam a2200229Ia 4500
001 CTU_210655
008 210402s9999 xx 000 0 und d
020 |c 77.09 
082 |a 006.37 
082 |b S698 
100 |a Sonka, Milan 
245 0 |a Image processing, analysis, and machine vision 
245 0 |c Milan Sonka, Vaclav Hlavac, and Roger Boyle 
260 |a United States of America 
260 |b Cengage Learning 
260 |c 2014 
520 |a Provides coverage of the range of topics encountered in the field of image processing and machine vision. This book helps undergraduates, graduates, researchers, and professionals who are looking for a readable reference 
526 |a Thị giác máy tính - Công nghệ 
526 |b CN612 
650 |a Xử lý ảnh,Computer vision,Image processing 
904 |i Huỳnh Nhựt Tân, Bằng 
980 |a Trung tâm Học liệu Trường Đại học Cần Thơ